000
00307nam a2200121Ia 4500
008
190216s9999||||xx |||||||||||||| ||und||
100
_a
Thomas A O & Chakkunny
245
0
_a
Modern General Chemistry
260
_b
Scientific Book Co
_c
1987
300
_a
399p
650
_a
Chemistry-Chemistry
942
_c
BK
999
_c
2601
_d
2601